| 000 | 00952cam a2200241 4500 | ||
|---|---|---|---|
| 001 | ABS61207 | ||
| 008 | 000000n1999 000 0 eng u | ||
| 035 | _a(Sirsi) u101804 | ||
| 100 | _aLawson, D. | ||
| 245 | _aShort-term solution. | ||
| 260 | _c1999 | ||
| 490 |
_aProperty Week _v64(35) 10 September 1999, 40-41(2) |
||
| 520 | _aDiscusses Jones Lang LaSalle's attempt to produce a reliable pricing model for short-term lets. This aims to determine where the rent will be at the time a break clause comes into force or a lease runs out, and involves calculating the volatility of rents as well as a simple projection of long-term trends. | ||
| 650 | _aSHORT-TERM LETTINGS | ||
| 650 | _aSHORT-TERM LEASES | ||
| 650 |
_aValuation _96273 |
||
| 650 | _aMODELS | ||
| 650 | _aJONES LANG LASALLE | ||
| 650 | _aRENTS | ||
| 650 | _aVOLATILITY | ||
| 690 | _aPROPERTY-COMMERCIAL PROPERTY-COMMERCIAL PROPERTY APPRAISAL AND VALUATION | ||
| 942 | _n0 | ||
| 999 |
_c60917 _d60917 |
||